Načítá se...
Critical history of Greek philosophy
| Médium: | Printed Book |
|---|---|
| Jazyk: | English |
| Vydáno: |
Madras:
Macmillan,
1992
|
| LEADER | 00464nam a22001457a 4500 | ||
|---|---|---|---|
| 003 | OSt | ||
| 005 | 20200624134456.0 | ||
| 008 | 150722b xxu||||| |||| 00| 0 eng d | ||
| 082 | |a 180.9 CRI | ||
| 245 | |a Critical history of Greek philosophy | ||
| 260 | |a Madras: |b Macmillan, |c 1992 | ||
| 300 | |a 384p. | ||
| 942 | |2 ddc |c BK | ||
| 999 | |c 320847 |d 320847 | ||
| 952 | |0 0 |1 0 |2 ddc |4 0 |6 180_900000000000000 |7 0 |9 367251 |a CSC |b CSC |c ST1 |d 2015-07-22 |i 6837 |l 0 |o 180.9 |p CSC6837 |r 2015-07-22 |w 2015-07-22 |y BK | ||